[Event "San Vicente Terminal-B"]
[Site "Concepcion"]
[Date "2021.11.14"]
[Round "4"]
[White "Orrego Palermo, Marcelo Andres"]
[Black "Casanova Ceballos, Axel Nicolas"]
[Result "1-0"]
[WhiteElo "1872"]
[BlackElo "1763"]
[PlyCount "89"]
[EventDate "2021.11.13"]
[EventType "tourn"]
[EventRounds "5"]
[EventCountry "CHI"]
[SourceTitle "EXT 2023"]
[Source "ChessBase"]
[SourceDate "2022.10.05"]
[SourceVersion "1"]
[SourceVersionDate "2022.10.05"]
[SourceQuality "1"]

1. d4 e6 2. e4 d5 3. exd5 exd5 4. Nf3 Nf6 5. Bd3 Bd6 6. 0-0 0-0 7. Re1 Bg4 8. Bg5 Nbd7 9. Nbd2 Re8 10. c4 Rxe1+ 11. Qxe1 Qe8 12. c5 Qxe1+ 13. Rxe1 Bf8 14. h3 Bh5 15. Ne5 h6 16. Bxf6 Nxf6 17. g4 Bg6 18. Bxg6 fxg6 19. Nxg6 b6 20. Nxf8 Rxf8 21. Re7 bxc5 22. dxc5 Rf7 23. Rxf7 Kxf7 24. f4 Ke6 25. Nf3 Ne4 26. b4 Nc3 27. Nd4+ Kf6 28. a3 g5 29. f5 Ke5 30. Kg2 Ne4 31. Nb5 d4 32. Nxc7 d3 33. Kf3 Kd4 34. Ne6+ Kc3 35. Kxe4 d2 36. f6 d1Q 37. f7 Qd7 38. f8Q Qxe6+ 39. Kf3 Qd5+ 40. Kg3 Qe5+ 41. Kg2 Kc4 42. c6 Qd5+ 43. Qf3 Qd2+ 44. Kg1 Kb5 45. c7 1-0

[Event "San Vicente Terminal-B"]
[Site "Concepcion"]
[Date "2021.11.13"]
[Round "1"]
[White "Orrego Palermo, Marcelo Andres"]
[Black "Ruiz Zenteno, Leonardo Marcial"]
[Result "1-0"]
[WhiteElo "1872"]
[BlackElo "1885"]
[PlyCount "79"]
[EventDate "2021.11.13"]
[EventType "tourn"]
[EventRounds "5"]
[EventCountry "CHI"]
[SourceTitle "EXT 2023"]
[Source "ChessBase"]
[SourceDate "2022.10.05"]
[SourceVersion "1"]
[SourceVersionDate "2022.10.05"]
[SourceQuality "1"]

1. d4 Nf6 2. Bg5 Ne4 3. Bf4 d5 4. e3 c5 5. c3 Nc6 6. Bd3 cxd4 7. exd4 Nf6 8. Ne2 Qb6 9. Na3 Bd7 10. Rb1 Rc8 11. Nc2 g6 12. Ng3 Bg7 13. 0-0 0-0 14. Qd2 Rfe8 15. Rfe1 Na5 16. Bh6 Bb5 17. Bxb5 Qxb5 18. Bxg7 Kxg7 19. Qg5 Qd7 20. Ne3 Kh8 21. h4 Nc4 22. Nxc4 Rxc4 23. Re2 Qg4 24. Rxe7 Qxg5 25. Rxe8+ Nxe8 26. hxg5 Ng7 27. f4 Ne6 28. Ne2 Kg7 29. Kf2 Ra4 30. a3 Ra6 31. Kf3 f6 32. gxf6+ Kxf6 33. Nc1 g5 34. Nd3 h5 35. Rh1 Ng7 36. Re1 Rb6 37. Nb4 Kf7 38. Re2 Ne6 39. Nxd5 Rd6 40. Re5 1-0

[Event "San Vicente Terminal-B"]
[Site "Concepcion"]
[Date "2021.11.13"]
[Round "2"]
[White "Rebolledo Arias, Julio Cesar"]
[Black "Orrego Palermo, Marcelo Andres"]
[Result "0-1"]
[WhiteElo "1942"]
[BlackElo "1872"]
[PlyCount "126"]
[EventDate "2021.11.13"]
[EventType "tourn"]
[EventRounds "5"]
[EventCountry "CHI"]
[SourceTitle "EXT 2023"]
[Source "ChessBase"]
[SourceDate "2022.10.05"]
[SourceVersion "1"]
[SourceVersionDate "2022.10.05"]
[SourceQuality "1"]

1. Nf3 f5 2. g3 Nf6 3. Bg2 g6 4. 0-0 Bg7 5. d4 d6 6. c3 c6 7. Qb3 Qb6 8. Nbd2 Qxb3 9. axb3 0-0 10. Nc4 Na6 11. Bg5 Be6 12. Na5 Bc8 13. Nd2 Rb8 14. Rfe1 Nc7 15. Bxc6 bxc6 16. Nxc6 Rb7 17. Nxe7+ Kf7 18. Nc6 Bd7 19. Na5 Rbb8 20. Nac4 Nb5 21. Bf4 Ne8 22. Ra6 Be6 23. Nxd6+ Nbxd6 24. Bxd6 Nxd6 25. Rxd6 Bxb3 26. Rd7+ Kg8 27. Rxa7 Bd5 28. b4 Rfc8 29. Ra5 Bf7 30. Ra3 Rc7 31. Rea1 Rbc8 32. Nb1 Bd5 33. f3 Re7 34. Ra5 Bc4 35. Ra8 Rxa8 36. Rxa8+ Kf7 37. Na3 Bxe2 38. Kf2 Bd3 39. b5 Bh6 40. f4 Re2+ 41. Kg1 Re1+ 42. Kf2 Re2+ 43. Kg1 Bf8 44. Ra7+ Kf6 45. Ra6+ Re6 46. Ra8 Bxa3 47. Rxa3 Bxb5 48. Rb3 Bd3 49. Kf2 Re2+ 50. Kg1 Ke6 51. Rb6+ Kd5 52. Rb8 Ke4 53. Re8+ Kf3 54. Rxe2 Bxe2 55. d5 Ke4 56. d6 Bb5 57. c4 Bc6 58. Kg2 Kd4+ 59. Kh3 Kxc4 60. Kh4 h6 61. g4 Bd7 62. gxf5 Bxf5 63. h3 Kd5 0-1

[Event "Valdivia op 2nd"]
[Site "Valdivia"]
[Date "2021.09.19"]
[Round "6"]
[White "Orrego Palermo, Marcelo Andres"]
[Black "Duarte, Leonardo"]
[Result "0-1"]
[WhiteElo "1935"]
[BlackElo "2330"]
[PlyCount "74"]
[EventDate "2021.09.16"]
[EventType "swiss"]
[EventRounds "6"]
[EventCountry "CHI"]
[SourceTitle "CBM 204 Extra"]
[Source "ChessBase"]
[SourceDate "2021.11.30"]
[SourceVersion "1"]
[SourceVersionDate "2021.11.30"]
[SourceQuality "1"]

1. d4 d5 2. c4 c6 3. cxd5 cxd5 4. Nc3 Nf6 5. Bf4 Nc6 6. e3 Bf5 7. Nf3 e6 8. Qb3 Bb4 9. Bb5 Qe7 10. Ne5 Rc8 11. 0-0 0-0 12. Nxc6 bxc6 13. Ba6 Rcd8 14. Na4 Ne4 15. Rfc1 g5 16. Bc7 Rd7 17. Bg3 h5 18. a3 Bd6 19. Rxc6 Nxg3 20. hxg3 h4 21. gxh4 gxh4 22. f4 Kg7 23. Bd3 Bg4 24. Qc2 Rh8 25. Bf1 Rdd8 26. Nc5 f6 27. Be2 Bf5 28. Bd3 Bg4 29. Be2 Bf5 30. Bd3 Bg4 31. f5 exf5 32. Re1 Kg6 33. e4 dxe4 34. Bxe4 Kg7 35. d5 Bxc5+ 36. Rxc5 Qe5 37. Rc7+ Kg6 0-1

[Event "Valdivia op 2nd"]
[Site "Valdivia"]
[Date "2021.09.17"]
[Round "2"]
[White "Orrego Palermo, Marcelo Andres"]
[Black "Birchmeier Epprecht, Mikael"]
[Result "1-0"]
[WhiteElo "1935"]
[BlackElo "1238"]
[PlyCount "79"]
[EventDate "2021.09.16"]
[EventType "swiss"]
[EventRounds "6"]
[EventCountry "CHI"]
[SourceTitle "CBM 204 Extra"]
[Source "ChessBase"]
[SourceDate "2021.11.30"]
[SourceVersion "1"]
[SourceVersionDate "2021.11.30"]
[SourceQuality "1"]

1. d4 d5 2. c4 e6 3. Nc3 c5 4. cxd5 exd5 5. Nf3 Nc6 6. dxc5 d4 7. Ne4 Bxc5 8. Nxc5 Qa5+ 9. Bd2 Qxc5 10. e3 dxe3 11. Bxe3 Qb4+ 12. Qd2 Nf6 13. Be2 Ne4 14. Qxb4 Nxb4 15. Bb5+ Ke7 16. 0-0 Nc2 17. Rac1 Nxe3 18. fxe3 Rd8 19. Rc7+ Kf8 20. Bc4 Rd7 21. Rxd7 Bxd7 22. Ne5 Be8 23. Nxf7 Nd2 24. Rf4 Nxc4 25. Ne5+ Ke7 26. Rxc4 Kd6 27. Nf3 Bg6 28. Kf2 Re8 29. b4 Re4 30. Nd4 Re5 31. Rc8 a6 32. Rd8+ Kc7 33. Rg8 Re7 34. g4 Rf7+ 35. Kg3 Kd7 36. Nf5 Bxf5 37. gxf5 Ke7 38. Kf4 Kf6 39. e4 Re7 40. Rf8+ 1-0

[Event "South America-ch U20"]
[Site "Chess.com INT"]
[Date "2021.06.19"]
[Round "5"]
[White "Orrego Palermo, Marcelo Andres"]
[Black "Tapia Loncon, Andres Saul"]
[Result "0-1"]
[WhiteElo "1907"]
[BlackElo "1890"]
[PlyCount "48"]
[EventDate "2021.06.19"]
[EventType "swiss"]
[EventRounds "7"]
[EventCountry "CHI"]
[SourceTitle "CBM 203 Extra"]
[Source "ChessBase"]
[SourceDate "2021.09.30"]
[SourceVersion "1"]
[SourceVersionDate "2021.09.30"]
[SourceQuality "1"]

1. d4 Nf6 2. Bg5 b6 3. c4 Bb7 4. Nc3 g6 5. Bxf6 exf6 6. e3 f5 7. Nf3 Bg7 8. Be2 d6 9. b4 0-0 10. 0-0 c5 11. bxc5 dxc5 12. Qd2 Nc6 13. d5 Ne5 14. Nxe5 Bxe5 15. Rab1 Qf6 16. Rb3 Rfe8 17. a4 f4 18. Ne4 Qh4 19. Qc2 fxe3 20. g3 exf2+ 21. Rxf2 Qe7 22. Kg2 Bd4 23. Rf4 f5 24. d6 Qxd6 0-1

[Event "South America-ch U20"]
[Site "Chess.com INT"]
[Date "2021.06.19"]
[Round "6"]
[White "Soto Miranda, Ignacio Jesus"]
[Black "Orrego Palermo, Marcelo Andres"]
[Result "0-1"]
[WhiteElo "1586"]
[BlackElo "1907"]
[PlyCount "42"]
[EventDate "2021.06.19"]
[EventType "swiss"]
[EventRounds "7"]
[EventCountry "CHI"]
[SourceTitle "CBM 203 Extra"]
[Source "ChessBase"]
[SourceDate "2021.09.30"]
[SourceVersion "1"]
[SourceVersionDate "2021.09.30"]
[SourceQuality "1"]

1. d4 d5 2. c4 dxc4 3. Nf3 Nf6 4. e3 Bg4 5. Bxc4 e6 6. h3 Bh5 7. Nbd2 a6 8. Qb3 Ra7 9. Ne5 Nbd7 10. Ndf3 Bd6 11. 0-0 0-0 12. Bd2 b5 13. Bd3 c5 14. Nxd7 Nxd7 15. Qc2 Bxf3 16. Bxh7+ Kh8 17. gxf3 g6 18. Bxg6 fxg6 19. Kh1 Qh4 20. Kg2 Qg5+ 21. Kh1 Rxf3 0-1

[Event "CHI-ch"]
[Site "Rancagua"]
[Date "2019.10.10"]
[Round "2.2"]
[White "Garmendia Vega, Lucas"]
[Black "Orrego Palermo, Marcelo Andres"]
[Result "1-0"]
[WhiteElo "1457"]
[BlackElo "1922"]
[PlyCount "51"]
[EventDate "2019.10.10"]
[EventType "swiss"]
[EventRounds "7"]
[EventCountry "CHI"]
[SourceTitle "EXT 2024"]
[Source "ChessBase"]
[SourceDate "2023.10.10"]
[SourceVersion "1"]
[SourceVersionDate "2023.10.10"]
[SourceQuality "1"]

1. Nf3 Nf6 2. b3 d5 3. e3 e6 4. Bb2 b6 5. c4 dxc4 6. bxc4 c5 7. Be2 Be7 8. 0-0 0-0 9. Qc2 Bb7 10. Rd1 Qc8 11. Nc3 Rd8 12. d4 Nc6 13. Rac1 Na5 14. Ne5 a6 15. a4 Qc7 16. f4 g6 17. h3 cxd4 18. exd4 Rxd4 19. Rxd4 Bc5 20. Rcd1 Rd8 21. Na2 Be4 22. Qc3 Nc6 23. Nxc6 Bxc6 24. Kh1 Bxd4 25. Rxd4 Ne4 26. Rxe4 1-0

[Event "CHI-ch"]
[Site "Rancagua"]
[Date "2019.10.10"]
[Round "1.2"]
[White "Orrego Palermo, Marcelo Andres"]
[Black "Perez Rivas, Diego"]
[Result "1-0"]
[WhiteElo "1922"]
[BlackElo "1229"]
[PlyCount "39"]
[EventDate "2019.10.10"]
[EventType "swiss"]
[EventRounds "7"]
[EventCountry "CHI"]
[SourceTitle "EXT 2024"]
[Source "ChessBase"]
[SourceDate "2023.10.10"]
[SourceVersion "1"]
[SourceVersionDate "2023.10.10"]
[SourceQuality "1"]

1. d4 Nf6 2. Bg5 e6 3. e4 d6 4. Bd3 h6 5. Bxf6 Qxf6 6. Ne2 Nc6 7. c3 Bd7 8. Nd2 0-0-0 9. b4 Ne7 10. Nf3 e5 11. d5 Re8 12. c4 g5 13. b5 Bg4 14. Ng3 Bg7 15. h3 Bxf3 16. gxf3 Kd7 17. Be2 Qf4 18. Nh5 Qh4 19. Nxg7 Rhg8 20. Nxe8 1-0

[Event "CHI-chT"]
[Site "Santiago de Chile"]
[Date "2019.09.12"]
[Round "2.1"]
[White "Cortes Garrote, Juan Carlos"]
[Black "Orrego Palermo, Marcelo Andres"]
[Result "1-0"]
[WhiteElo "1974"]
[BlackElo "1971"]
[PlyCount "97"]
[EventDate "2019.09.05"]
[EventType "team-swiss"]
[EventRounds "9"]
[EventCountry "CHI"]
[SourceTitle "CBM 193 Extra"]
[Source "ChessBase"]
[SourceDate "2020.01.31"]
[SourceVersion "1"]
[SourceVersionDate "2020.01.31"]
[SourceQuality "1"]
[WhiteTeam "Plaza de Armas CC II"]
[BlackTeam "Chile CC II"]
[WhiteTeamCountry "CHI"]
[BlackTeamCountry "CHI"]

1. d4 d5 2. Nf3 Nf6 3. Bf4 c5 4. c3 Nc6 5. e3 e6 6. Nbd2 Bd6 7. Ne5 Qc7 8. Bb5 0-0 9. Bxc6 bxc6 10. Ndf3 Nd7 11. Nxd7 Bxd7 12. dxc5 Bxf4 13. exf4 Qxf4 14. Qd4 Qc7 15. Qe5 Qb7 16. 0-0 f6 17. Qe2 e5 18. b4 a5 19. a3 axb4 20. axb4 Bg4 21. h3 Bxf3 22. Qxf3 Qb5 23. Qf5 Qb7 24. Rfb1 Rxa1 25. Rxa1 Re8 26. Qd3 Ra8 27. Rxa8+ Qxa8 28. b5 Kf7 29. b6 g6 30. Qb1 Ke7 31. h4 f5 32. h5 Kd7 33. Qc1 f4 34. hxg6 hxg6 35. Qb1 e4 36. c4 Qb7 37. Qb2 Ke6 38. Qd4 g5 39. cxd5+ cxd5 40. Qh8 e3 41. fxe3 fxe3 42. Qe8+ Kf5 43. Qxe3 Qa6 44. Qf2+ Ke6 45. Qe1+ Kd7 46. Qe5 Qa5 47. Qxd5+ Ke8 48. b7 Qa4 49. Qd6 1-0

[Event "Pan American-ch U14"]
[Site "Guayaquil"]
[Date "2019.07.27"]
[Round "9"]
[White "Alvarado Zamora, Albert"]
[Black "Orrego Palermo, Marcelo Andres"]
[Result "1-0"]
[WhiteElo "1887"]
[BlackElo "1594"]
[PlyCount "53"]
[EventDate "2019.07.21"]
[EventType "swiss"]
[EventRounds "9"]
[EventCountry "ECU"]
[SourceTitle "EXT 2020"]
[Source "ChessBase"]
[SourceDate "2019.10.17"]
[SourceVersion "1"]
[SourceVersionDate "2019.10.17"]
[SourceQuality "1"]

1. d4 d5 2. Nf3 Nf6 3. e3 Bf5 4. c4 dxc4 5. Bxc4 e6 6. 0-0 Bd6 7. Nc3 0-0 8. Re1 Ne4 9. Bd3 Nxc3 10. bxc3 Bxd3 11. Qxd3 c5 12. c4 cxd4 13. exd4 Nc6 14. Bb2 Re8 15. Rad1 Bf8 16. h4 Qa5 17. Ng5 g6 18. Qf3 Qf5 19. Qxf5 gxf5 20. Re3 h6 21. Nh3 Bg7 22. Rg3 Kh7 23. Rxg7+ Kxg7 24. d5+ Kh7 25. dxc6 bxc6 26. Rd7 Rf8 27. Bf6 1-0

[Event "Pan American-ch U14"]
[Site "Guayaquil"]
[Date "2019.07.22"]
[Round "3"]
[White "Orrego Palermo, Marcelo Andres"]
[Black "Chauca Lopez, Sebastian Alberto"]
[Result "1-0"]
[WhiteElo "1594"]
[BlackElo "1804"]
[PlyCount "93"]
[EventDate "2019.07.21"]
[EventType "swiss"]
[EventRounds "9"]
[EventCountry "ECU"]
[SourceTitle "EXT 2020"]
[Source "ChessBase"]
[SourceDate "2019.10.17"]
[SourceVersion "1"]
[SourceVersionDate "2019.10.17"]
[SourceQuality "1"]

1. d4 Nf6 2. Bg5 d5 3. Bxf6 gxf6 4. e3 e6 5. c4 c6 6. Nc3 Nd7 7. cxd5 cxd5 8. Rc1 Bb4 9. Nf3 Nb6 10. a3 Bxc3+ 11. Rxc3 Bd7 12. Be2 Bc6 13. Qb1 Qd7 14. 0-0 Nc8 15. Rfc1 Nd6 16. Bd3 h5 17. g3 Rc8 18. b4 a6 19. Nd2 h4 20. Nb3 hxg3 21. fxg3 Ke7 22. Nc5 Qe8 23. Qc2 Bb5 24. Qe2 Bxd3 25. Qxd3 Qb5 26. Qc2 Qb6 27. Qb3 Nb5 28. R3c2 Nd6 29. a4 Rc6 30. Rf1 Qc7 31. Rcf2 f5 32. Qd3 Ne4 33. Rb2 Nd6 34. b5 axb5 35. axb5 Rxc5 36. dxc5 Qxc5 37. Qd4 Qc8 38. b6 Nc4 39. Rb5 Rd8 40. Rc5 Qb8 41. Rc7+ Rd7 42. Qc5+ Nd6 43. e4 Ke8 44. exd5 e5 45. h4 e4 46. h5 f6 47. h6 1-0

[Event "South America-ch U20"]
[Site "Asuncion"]
[Date "2019.05.14"]
[Round "5"]
[White "Menacho Admen, Victor Gabriel"]
[Black "Orrego Palermo, Marcelo Andres"]
[Result "0-1"]
[WhiteElo "1103"]
[BlackElo "1632"]
[PlyCount "44"]
[EventDate "2019.05.11"]
[EventType "swiss"]
[EventRounds "9"]
[EventCountry "PAR"]
[SourceTitle "CBM 190 Extra"]
[Source "ChessBase"]
[SourceDate "2019.07.15"]
[SourceVersion "1"]
[SourceVersionDate "2019.07.15"]
[SourceQuality "1"]

1. e4 d5 2. Nc3 d4 3. Na4 e5 4. b3 Nf6 5. Nf3 Bd6 6. c3 dxc3 7. Nxc3 0-0 8. Bc4 a6 9. a4 Nbd7 10. a5 Bb4 11. Bb2 c6 12. Ba3 Bxa3 13. Rxa3 Nc5 14. Nxe5 Qd6 15. d4 Ncxe4 16. Nxe4 Qxa3 17. Nxf6+ gxf6 18. Nxf7 Qxa5+ 19. Ke2 Rxf7 20. Bxf7+ Kxf7 21. Ke3 Bd7 22. Qh5+ Qxh5 0-1

[Event "Pan American-ch U12"]
[Site "Santiago de Chile"]
[Date "2018.07.24"]
[Round "4"]
[White "Orrego Palermo, Marcelo Andres"]
[Black "Chavez Duero, Brayan Steven"]
[Result "0-1"]
[WhiteElo "1462"]
[BlackElo "1874"]
[PlyCount "52"]
[EventDate "2018.07.22"]
[EventType "swiss"]
[EventRounds "9"]
[EventCountry "CHI"]
[SourceTitle "EXT 2022"]
[Source "ChessBase"]
[SourceDate "2021.10.06"]
[SourceVersion "1"]
[SourceVersionDate "2021.10.06"]
[SourceQuality "1"]

1. d4 Nf6 2. Bg5 Ne4 3. Bf4 c5 4. f3 Qa5+ 5. c3 Nf6 6. d5 Qb6 7. Bc1 e6 8. e4 g6 9. Bc4 Bg7 10. Ne2 0-0 11. 0-0 exd5 12. exd5 d6 13. Ng3 Nbd7 14. f4 Qc7 15. Nd2 Nb6 16. Qb3 a6 17. a4 Bd7 18. a5 Nxc4 19. Nxc4 Nxd5 20. Rd1 Bc6 21. Qc2 Rad8 22. f5 Qe7 23. Ne4 Rfe8 24. Re1 Nb4 25. f6 Bxf6 26. Nxf6+ Qxf6 0-1

[Event "Santiago IRT 2 Escalerilla"]
[Site "Santiago de Chile"]
[Date "2018.07.12"]
[Round "3.11"]
[White "Orrego Palermo, Marcelo Andres"]
[Black "Donaire Perez, Roberto"]
[Result "0-1"]
[WhiteElo "1462"]
[BlackElo "1735"]
[PlyCount "65"]
[EventDate "2018.07.05"]
[EventType "swiss"]
[EventRounds "6"]
[EventCountry "CHI"]
[SourceTitle "EXT 2024"]
[Source "ChessBase"]
[SourceDate "2023.10.10"]
[SourceVersion "1"]
[SourceVersionDate "2023.10.10"]
[SourceQuality "1"]

1. d4 d5 2. Nf3 e6 3. e3 c6 4. Bd3 Bd6 5. b3 Ne7 6. 0-0 Ng6 7. Bb2 0-0 8. Nbd2 Nd7 9. c4 b6 10. Qe2 Bb7 11. Rfc1 c5 12. cxd5 exd5 13. Rc2 Rc8 14. Rac1 Nf6 15. Ba6 Bxa6 16. Qxa6 Qe7 17. Qd3 Rfe8 18. Nf1 Qb7 19. Ng3 Bxg3 20. hxg3 Ne4 21. dxc5 bxc5 22. Ba3 c4 23. bxc4 dxc4 24. Rxc4 Rcd8 25. Qc2 h6 26. Rb1 Qd5 27. Nd4 Qh5 28. Rb5 Qg4 29. Rb7 Nd6 30. Bxd6 Rxd6 31. Rcc7 Rxd4 32. f3 Qxg3 33. e4 0-1

[Event "Vina del Mar U2000 2nd"]
[Site "Vina del Mar"]
[Date "2018.06.16"]
[Round "2.4"]
[White "Orrego Palermo, Marcelo Andres"]
[Black "Ramirez Gomez, Martin"]
[Result "1-0"]
[WhiteElo "1475"]
[BlackElo "1619"]
[PlyCount "45"]
[EventDate "2018.06.15"]
[EventType "swiss"]
[EventRounds "5"]
[EventCountry "CHI"]
[SourceTitle "EXT 2024"]
[Source "ChessBase"]
[SourceDate "2023.10.10"]
[SourceVersion "1"]
[SourceVersionDate "2023.10.10"]
[SourceQuality "1"]

1. d4 Nf6 2. Bg5 e6 3. e4 Be7 4. Bd3 d6 5. Ne2 Nbd7 6. 0-0 e5 7. c3 c5 8. f4 Qc7 9. Kh1 b6 10. fxe5 dxe5 11. d5 c4 12. Bc2 Nc5 13. Ng3 h6 14. Bxf6 Bxf6 15. Nh5 Qd6 16. Qf3 Ke7 17. Nd2 b5 18. a4 Nb3 19. Bxb3 cxb3 20. axb5 Rf8 21. Qf2 Bg5 22. Nc4 Qd7 23. Qc5+ 1-0

[Event "CHI-ch qual U1600"]
[Site "La Calera"]
[Date "2017.12.29"]
[Round "3.1"]
[White "Orrego Palermo, Marcelo Andres"]
[Black "Silva Morales, Vicente"]
[Result "0-1"]
[WhiteElo "1341"]
[BlackElo "1309"]
[PlyCount "64"]
[EventDate "2017.12.29"]
[EventType "swiss"]
[EventRounds "5"]
[EventCountry "CHI"]
[SourceTitle "EXT 2024"]
[Source "ChessBase"]
[SourceDate "2023.10.10"]
[SourceVersion "1"]
[SourceVersionDate "2023.10.10"]
[SourceQuality "1"]

1. d4 Nf6 2. Bg5 Ne4 3. Bf4 d5 4. f3 Nf6 5. e3 e6 6. Bd3 Be7 7. Ne2 0-0 8. 0-0 Nbd7 9. Nd2 c5 10. Kh1 c4 11. Bxc4 dxc4 12. Nxc4 Nb6 13. Nxb6 Qxb6 14. b3 Nd5 15. Qd3 Bd7 16. Bg3 Rac8 17. Rfc1 Ba3 18. Rd1 Nb4 19. Qe4 Rxc2 20. Nf4 Rcc8 21. Nh5 Kh8 22. Qg4 Rg8 23. Be5 f6 24. Nxf6 Nd5 25. Nh5 Bf8 26. e4 Ne3 27. Qh3 Nxd1 28. Rxd1 Be8 29. Nf4 Bd6 30. g3 Bxe5 31. dxe5 Rd8 32. Rc1 Bf7 0-1

[Event "Santiago U2200 op 3er"]
[Site "Santiago de Chile"]
[Date "2016.08.14"]
[Round "5.4"]
[White "Camacho, Philippe"]
[Black "Orrego Palermo, Marcelo Andres"]
[Result "1-0"]
[WhiteElo "2104"]
[BlackElo "1331"]
[PlyCount "99"]
[EventDate "2016.08.13"]
[EventType "swiss"]
[EventRounds "5"]
[EventCountry "CHI"]
[SourceTitle "EXT 2024"]
[Source "ChessBase"]
[SourceDate "2023.10.10"]
[SourceVersion "1"]
[SourceVersionDate "2023.10.10"]
[SourceQuality "1"]

1. e4 c5 2. Nc3 Nc6 3. f4 Nf6 4. e5 Ng8 5. Nf3 f6 6. Bc4 e6 7. 0-0 fxe5 8. fxe5 g6 9. d3 Bg7 10. Qe2 Nge7 11. Bg5 0-0 12. Rae1 d6 13. exd6 Qxd6 14. Bxe6+ Bxe6 15. Qxe6+ Qxe6 16. Rxe6 Nf5 17. Ne2 Bxb2 18. Rb1 Bd4+ 19. Nexd4 Nfxd4 20. Nxd4 Nxd4 21. Re7 Rab8 22. c3 Nc6 23. Rexb7 Rxb7 24. Rxb7 Rf7 25. Rb2 Ne5 26. Bh6 Nd7 27. Re2 a6 28. Re8+ Nf8 29. a4 Rf5 30. Rxf8+ Rxf8 31. Bxf8 Kxf8 32. Kf2 Ke7 33. Ke3 Kd6 34. g4 h6 35. h4 h5 36. g5 Kd5 37. d4 Ke6 38. c4 cxd4+ 39. Kxd4 Kd6 40. c5+ Kc7 41. Kd5 Kd7 42. c6+ Kc7 43. Kc5 Kc8 44. Kb6 Kb8 45. Kxa6 Kc7 46. Kb5 Kc8 47. Kb6 Kb8 48. c7+ Kc8 49. a5 Kd7 50. Kb7 1-0

[Event "Santiago U2200 op 3er"]
[Site "Santiago de Chile"]
[Date "2016.08.13"]
[Round "1.6"]
[White "Olivares Garcia, Estefania"]
[Black "Orrego Palermo, Marcelo Andres"]
[Result "1/2-1/2"]
[WhiteElo "1575"]
[BlackElo "1331"]
[PlyCount "75"]
[EventDate "2016.08.13"]
[EventType "swiss"]
[EventRounds "5"]
[EventCountry "CHI"]
[SourceTitle "EXT 2024"]
[Source "ChessBase"]
[SourceDate "2023.10.10"]
[SourceVersion "1"]
[SourceVersionDate "2023.10.10"]
[SourceQuality "1"]

1. e4 c5 2. Nc3 Nc6 3. g3 Nf6 4. Bg2 e5 5. d3 g6 6. h3 Bg7 7. Be3 d6 8. Qd2 0-0 9. Bh6 Be6 10. Nge2 Qd7 11. Nd5 Bxd5 12. exd5 Nd4 13. Nxd4 exd4 14. 0-0 Qf5 15. Bxg7 Kxg7 16. c4 dxc3 17. Qxc3 Kg8 18. Qb3 b6 19. Rfe1 Rae8 20. g4 Qg5 21. f4 Qh4 22. Qd1 Qg3 23. Qf3 Qxf3 24. Bxf3 Rxe1+ 25. Rxe1 Re8 26. Kf1 Kf8 27. Re2 Rxe2 28. Kxe2 Ke7 29. Ke3 h6 30. b3 g5 31. f5 a5 32. a4 Ne8 33. d4 Nc7 34. dxc5 dxc5 35. Kd3 Kd6 36. Kc4 f6 37. Bh1 Kd7 38. Bf3 1/2-1/2